Jacques Maritain and the jews

Guardat en:
Dades bibliogràfiques
Format: Llibre
Idioma:anglès
Publicat: American Maritain Association 1994
Matèries:
Etiquetes: Afegir etiqueta
Sense etiquetes, Sigues el primer a etiquetar aquest registre!

MARC

LEADER 00000nam a2200000 a 4500
001 UCY1743
003 CL-VaPUC
005 20210830113948.0
008 940914e19940000US |||||||||||||||||eng|d
999 |c 230348  |d 230346 
040 |c Pontificia Universidad Católica de Valparaíso 
082 0 4 |a 194  |b JAC  |2 21 
245 1 0 |a Jacques Maritain and the jews 
260 |b American Maritain Association  |c 1994 
300 |a 10 p 
583 |a last modification  |c 20130307 08:08:39  |k Rodrigo Vera 
600 |a Maritain, Jacques,  |d 1882-1973  |9 862881 
942 |c BK  |2 ddc 
945 |d 19940914 00:00:00  |a aalvarez 
952 |0 0  |1 0  |4 0  |6 194_000000000000000_JAC_1994  |7 0  |8 A  |9 232524  |a BIBTEO  |b BIBTEO  |d 2019-11-15  |i 3018660  |o 194 JAC 1994  |p 3018660  |r 2025-01-17  |w 2019-11-15  |y BK  |k ICR